000 00260nam a2200109Ia 4500
008 190919s9999||||xx |||||||||||||| ||und||
100 _aRudyard Kipling
245 4 _aThe Jungle Books
260 _aNew Delhi
_bBantam Books
_c1999
300 _a122
942 _cBK
999 _c10869
_d10869